Ballon d'or - Les Français dans le top 10 - Statistiques

Statistiques générales
  • Ce quiz a été pris 775 fois
  • Le résultat moyen est 13 sur 20
Statistiques - réponses
Années Vainqueur Top 10 Nom % Correct
1997-1998-2000-2001-2002-2003-2006 1 7 Zinedine Zidane
99%
2017-2018-2019-2021-2022 0 5 Kylian Mbappé
97%
2016-2018 0 2 Antoine Griezmann
96%
2021-2022 1 2 Karim Benzema
95%
1976-1977-1979-1980-1981-1982-1983-1984-1985 3 9 Michel Platini
94%
2000-2001-2002-2003-2004-2005-2006 0 7 Thierry Henry
91%
2013 0 1 Franck Ribery
79%
2017-2021 0 2 N'Golo Kanté
79%
2018 0 1 Raphael Varane
75%
1989-1991 1 2 Jean-Pierre Papin
74%
1956-1957-1958-1959-1960 1 5 Raymond Kopa
65%
1958 0 1 Just Fontaine
64%
1994-1996-1998 0 3 Marcel Desailly
54%
1998 0 1 Lilian Thuram
51%
1993-1996 0 2 Eric Cantona
48%
1996 0 1 Youri Djorkaeff
35%
1982-1984 0 2 Alain Giresse
29%
1984 0 1 Jean Tigana
23%
1986 0 1 Manuel Amoros
11%
1956 0 1 Thadée Cisowski
2%
Aucun quiz correspondant
Distribution des résultats
% des personnes avec chaque résultat
Percentile par nombre de réponses
Votre historique - résultats
Vous n’avez pas pris ce quiz